Bosquejo biográfico de Sor Ángela de la Cruz (Record no. 181120)

MARC details
000 -LEADER
campo de control de longitud fija 00920nam a2200253 i 4500
001 - NÚMERO DE CONTROL
campo de control 181120
003 - IDENTIFICADOR DE NÚMERO DE CONTROL
campo de control ES-MaACL
005 - FECHA Y HORA DE LA ÚLTIMA TRANSACCIÓN
campo de control 20230906221257.0
008 - DATOS DE LONGITUD FIJA--INFORMACIÓN GENERAL
campo de control de longitud fija 121017s2012 sp | |||||||| | spa d
020 ## - NÚMERO INTERNACIONAL ESTÁNDAR DEL LIBRO
Número Internacional Estándar del Libro 978-84-220-1570-3
080 ## - NÚMERO DE LA CLASIFICACIÓN DECIMAL UNIVERSAL
Número de la Clasificación Decimal Universal 929 Ángela de la Cruz, Santa
080 ## - NÚMERO DE LA CLASIFICACIÓN DECIMAL UNIVERSAL
Número de la Clasificación Decimal Universal 271 Compañia de la Cruz "18/19"
100 0# - ENTRADA PRINCIPAL--NOMBRE DE PERSONA
Nombre de persona María del Salvador
Títulos y otros términos asociados al nombre Hermana.
9 (RLIN) 151674
245 10 - MENCIÓN DEL TÍTULO
Título Bosquejo biográfico de Sor Ángela de la Cruz
Resto del título : primera biografía de Sor Ángela de la Cruz, escrita por una de sus últimas novicias /
Mención de responsabilidad, etc. Hermana María del Salvador.
260 ## - PUBLICACIÓN, DISTRIBUCIÓN, ETC.
Lugar de publicación, distribución, etc. Madrid :
Nombre del editor, distribuidor, etc. Biblioteca de Autores Cristianos,
Fecha de publicación, distribución, etc. 2012.
300 ## - DESCRIPCIÓN FÍSICA
Extensión XXVI, 914 p. ;
Dimensiones 20 cm.
490 1# - MENCIÓN DE SERIE
Mención de serie BAC ;
Designación de volumen o secuencia 705
500 ## - NOTA GENERAL
Nota general Índices.
600 04 - PUNTO DE ACCESO ADICIONAL DE MATERIA--NOMBRE DE PERSONA
Nombre de persona Angela de la Cruz
Títulos y otros términos asociados al nombre Santa.
9 (RLIN) 21710
610 24 - PUNTO DE ACCESO ADICIONAL DE MATERIA--NOMBRE DE ENTIDAD CORPORATIVA
Nombre de entidad corporativa o nombre de jurisdicción como elemento de entrada Compañía de la Cruz-
Subdivisión de forma Historia.
9 (RLIN) 151675
830 0# - PUNTO DE ACCESO ADICIONAL DE SERIE-TÍTULO UNIFORME
Título uniforme BAC ;
Designación de volumen o secuencia 705
9 (RLIN) 191410
852 ## - LOCALIZACIÓN
Ubicación ES-MaACL
Número de control de estantería J-693
Holdings
Estatus retirado Estado de pérdida Estado de daño No para préstamo Biblioteca de origen Biblioteca actual Ubicación en estantería Fecha de adquisición Fuente de adquisición Total de préstamos Signatura topográfica completa Código de barras Visto por última vez Precio de reemplazo Tipo de ítem Koha
        Biblioteca del Ateneo de Madrid Biblioteca del Ateneo de Madrid Depósito 2 17/10/2012     J-693 1190331 23/02/2023 23/02/2023 Libro impreso